000 01524cam a22003973a 4500
999 _c534015
_d534015
001 13470396
003 NUST
005 20200128134735.0
008 970918s1997 nyu 000 1 eng d
010 _a 2004563742
020 _a0425160394
035 _a(OCoLC)ocm37646845
038 _aMSOHAIL
040 _aIOU
_cIOU
_dSVP
_dSLC
_dOCL
_dDLC
042 _alccopycat
050 0 0 _aCPB Box no. 2108 vol. 15
082 _a813.54
100 1 _aRobb, J. D.,
_d1950-
_911420
245 1 0 _aVengeance in death /
_cJ.D. Robb.
250 _aBerkley ed.
260 _aNew York :
_bBerkley Books,
_c1997.
300 _a372 p. ;
_c18 cm.
600 1 0 _aDallas, Eve
_c(Fictitious character)
_vFiction.
_928114
650 0 _aPolicewomen
_zNew York (State)
_zNew York
_vFiction.
_928115
650 0 _aWomen detectives
_zNew York (State)
_zNew York
_vFiction.
_928116
651 0 _aNew York (N.Y.)
_vFiction.
_94634
655 7 _aRomantic suspense fiction.
_2gsafd
_95598
655 7 _aMystery fiction.
_2gsafd
_95621
710 2 _aCopyright Paperback Collection (Library of Congress)
_5DLC
_91743
856 4 2 _3Contributor biographical information
_uhttp://www.loc.gov/catdir/enhancements/fy0717/2004563742-b.html
856 4 2 _3Publisher description
_uhttp://www.loc.gov/catdir/enhancements/fy0717/2004563742-d.html
856 4 1 _3Sample text
_uhttp://www.loc.gov/catdir/enhancements/fy1516/2004563742-s.html
906 _a7
_bcbc
_ccopycat
_d2
_encip
_f20
_gy-genrareb
942 _2ddc
_cBK